Zriadenie súkromnej alebo cirkevnej školy a školského zariadenia zriaďovacia listina školy
V príspevku sa venujeme zriadeniu školy a školského zariadenia zo strany štátom uznanej cirkvi alebo náboženskej spoločnosti alebo inej právnickej a fyzickej osoby. Upozorníme na niektoré skutočnosti dôležité pri zriadení cirkevných a súkromných škôl a školských zariadení.
Gespeichert in:
| 1. Verfasser: | |
|---|---|
| Format: | Buchkapitel |
| Sprache: | Slowakisch |
| Schlagworte: | |
| Tags: |
Keine Tags, Fügen Sie das erste Tag hinzu!
|
MARC
| LEADER | 00000naa a2200000 4500 | ||
|---|---|---|---|
| 001 | 0297469 | ||
| 005 | 20240417075256.2 | ||
| 041 | 0 | |a slo | |
| 044 | |a SK | ||
| 245 | 1 | 0 | |a Zriadenie súkromnej alebo cirkevnej školy a školského zariadenia |b zriaďovacia listina školy |c Ingrid Veverková Konečná |
| 520 | |a V príspevku sa venujeme zriadeniu školy a školského zariadenia zo strany štátom uznanej cirkvi alebo náboženskej spoločnosti alebo inej právnickej a fyzickej osoby. Upozorníme na niektoré skutočnosti dôležité pri zriadení cirkevných a súkromných škôl a školských zariadení. | ||
| 610 | 2 | 0 | |a školstvo |
| 610 | 2 | 0 | |a školy |
| 610 | 2 | 0 | |a cirkev |
| 610 | 2 | 0 | |a vzdelávanie |
| 610 | 2 | 0 | |a štát a cirkev |
| 610 | 2 | 0 | |a samospráva |
| 100 | 1 | |a Veverková Konečná, Ingrid | |